<?xml version="1.0" encoding="UTF-8"?><?xml-stylesheet type="text/xsl" href="static/style.xsl"?><OAI-PMH xmlns="http://www.openarchives.org/OAI/2.0/" xmlns:xsi="http://www.w3.org/2001/XMLSchema-instance" xsi:schemaLocation="http://www.openarchives.org/OAI/2.0/ http://www.openarchives.org/OAI/2.0/OAI-PMH.xsd"><responseDate>2026-04-17T06:01:00Z</responseDate><request verb="GetRecord" identifier="oai:www.recercat.cat:10230/33659" metadataPrefix="marc">https://recercat.cat/oai/request</request><GetRecord><record><header><identifier>oai:recercat.cat:10230/33659</identifier><datestamp>2025-12-13T20:56:19Z</datestamp><setSpec>com_2072_6</setSpec><setSpec>col_2072_452954</setSpec></header><metadata><record xmlns="http://www.loc.gov/MARC21/slim" xmlns:dcterms="http://purl.org/dc/terms/" xmlns:xsi="http://www.w3.org/2001/XMLSchema-instance" xmlns:doc="http://www.lyncode.com/xoai" xsi:schemaLocation="http://www.loc.gov/MARC21/slim http://www.loc.gov/standards/marcxml/schema/MARC21slim.xsd">
   <leader>00925njm 22002777a 4500</leader>
   <datafield ind2=" " ind1=" " tag="042">
      <subfield code="a">dc</subfield>
   </datafield>
   <datafield ind2=" " ind1=" " tag="720">
      <subfield code="a">Palol Fariza, Clàudia de</subfield>
      <subfield code="e">author</subfield>
   </datafield>
   <datafield ind2=" " ind1=" " tag="260">
      <subfield code="c">2018-01-17T14:45:57Z</subfield>
   </datafield>
   <datafield ind2=" " ind1=" " tag="260">
      <subfield code="c">2018-01-17T14:45:57Z</subfield>
   </datafield>
   <datafield ind2=" " ind1=" " tag="260">
      <subfield code="c">2017</subfield>
   </datafield>
   <datafield ind2=" " ind1=" " tag="520">
      <subfield code="a">Treball de fi de grau d&amp;apos;Humanitats. Curs 2016-2017</subfield>
   </datafield>
   <datafield ind2=" " ind1=" " tag="520">
      <subfield code="a">Directora: Victoria Cirlot</subfield>
   </datafield>
   <datafield ind2=" " ind1=" " tag="520">
      <subfield code="a">Este trabajo consiste en el acercamiento comparativo entre dos obras cinematográficas, Belle de Jour (1967) y Belle Toujours (2006). Ambos autores, Luis Buñuel y Manoel de Oliveira, convergerán en ciertas cuestiones e inquietudes comunes. La pregunta acerca del porqué del génesis de esta secuela fílmica, ore interpretación, o ejercicio intertextual –denominación que ocupará un espacio importante en este ensayo debido a su ambigüedad– que el cineasta portugués lleva a cabo obliga a preguntarse por la naturaleza de la experiencia estética, y más concretamente por los mecanismos y posibilidades que surgen de la recepción de una obra.&#xd;
A partir de este marco teórico se trataran ambas obras fílmicas aquí escogidas de forma amplia, con el propósito de desvelar sus interrelaciones y analogías. Se tomarán ciertos elementos como ejes centrales de esta comparación: la ambigüedad del objeto, el papel de la literatura y el teatro y la inversión del paradigma representativo. Con suerte, el análisis comparativo de dichos factores arrojará luz sobre ambas obras y el fenómeno de la recepción estética –fenómeno protagonista no sólo de la relación entre las piezas fílmicas sino de la estructura y temática de las mismas– .</subfield>
   </datafield>
   <datafield tag="653" ind2=" " ind1=" ">
      <subfield code="a">Borges, Jorge Luis, 1899-1986 -- Crítica i interpretació</subfield>
   </datafield>
   <datafield tag="653" ind2=" " ind1=" ">
      <subfield code="a">Oliveira, Manuel de -- Crítica i interpretació</subfield>
   </datafield>
   <datafield ind2="0" ind1="0" tag="245">
      <subfield code="a">Luis Buñuel revisitado por Manoel de Oliveira: Aproximación comparativa entre Belle de jour y Belle toujours.</subfield>
   </datafield>
</record></metadata></record></GetRecord></OAI-PMH>